Word Ladder: British Uncle Sam Quiz Stats

 Plays Quiz Updated Aug 15, 2016

Challenge
Share
Tweet
Embed
Score 0/14 Timer 02:00
2 Plays Today
Clue 4-Letter Word % Correct
A North American-grown maizeCORN
97.2%
πŸ‘‘ A matador's opponent πŸ‘‘πŸ‘‘BULLπŸ‘‘
94.8%
The center layer of somethingCORE
94.3%
A panacea or remedy from diseaseCURE
92.3%
Shilling, farthing, or crown, e.g.COIN
91.6%
πŸ‘‘ UK native, for short πŸ‘‘πŸ‘‘BRITπŸ‘‘
90.1%
To slaughter, to control an animal populationCULL
86.1%
Clue 4-Letter Word % Correct
To form a spiral or wrap around another objectCURL
84.3%
A cotton seedBOLL
81.6%
A very dry champagneBRUT
80.9%
Term for a boxing matchBOUT
80.2%
A crossbow's ammunitionBOLT
77.6%
US revolutionary slogan, '___ or Die'JOIN
77.6%
πŸ‘‘ Evangelist also credited with the 'Book of Revelation' πŸ‘‘πŸ‘‘JOHNπŸ‘‘
76.5%

Today's Daily Dose

You're not logged in!

Compare scores with friends on all Sporcle quizzes.
OR
Log In

You Might Also Like...

Show Comments

Extras

Top Quizzes Today


Score Distribution

Your Account Isn't Verified!

In order to create a playlist on Sporcle, you need to verify the email address you used during registration. Go to your Sporcle Settings to finish the process.

Report this User

Report this user for behavior that violates our Community Guidelines.

Details: